|
|
|
|
| LEADER |
01593cas a2200241 a 4500 |
| 001 |
AALejournalIMF006557 |
| 008 |
230101c9999 xx r poo 0 0eng d |
| 020 |
|
|
|c 5.00 USD
|
| 020 |
|
|
|z 9781455201358
|
| 022 |
|
|
|a 1018-5941
|
| 040 |
|
|
|a BD-DhAAL
|c BD-DhAAL
|
| 100 |
1 |
|
|a Vitek, Francis.
|
| 245 |
1 |
0 |
|a Monetary Policy Analysis and Forecasting in the Group of Twenty :
|b A Panel Unobserved Components Approach /
|c Francis Vitek.
|
| 264 |
|
1 |
|a Washington, D.C. :
|b International Monetary Fund,
|c 2010.
|
| 300 |
|
|
|a 1 online resource (47 pages)
|
| 490 |
1 |
|
|a IMF Working Papers
|
| 500 |
|
|
|a <strong>Off-Campus Access:</strong> No User ID or Password Required
|
| 500 |
|
|
|a <strong>On-Campus Access:</strong> No User ID or Password Required
|
| 506 |
|
|
|a Electronic access restricted to authorized BRAC University faculty, staff and students
|
| 520 |
3 |
|
|a This paper develops a panel unobserved components model of the monetary transmission mechanism in the world economy, disaggregated into twenty national economies along the lines of the Group of Twenty. This structural macroeconometric model features extensive linkages between the real and financial sectors, both within and across economies. A variety of monetary policy analysis and forecasting applications of the estimated model are demonstrated, based on a Bayesian framework for conditioning on judgment.
|
| 538 |
|
|
|a Mode of access: Internet
|
| 830 |
|
0 |
|a IMF Working Papers; Working Paper ;
|v No. 2010/152
|
| 856 |
4 |
0 |
|z Full text available on IMF
|u http://elibrary.imf.org/view/journals/001/2010/152/001.2010.issue-152-en.xml
|z IMF e-Library
|